[Event "POL Youth-ch U20 Girls 2020"]
[Site "Pokrzywna"]
[Date "2020.11.30"]
[Round "1.1"]
[White "Adamczyk, Zuzanna"]
[Black "Antolak, Julia"]
[Result "0-1"]
[WhiteElo "1924"]
[BlackElo "2313"]
[Annotator "TA"]
[PlyCount "82"]
[EventDate "2020.11.29"]
[EventType "swiss"]
[EventCountry "POL"]
[SourceTitle "playchess.com"]
[Source "ChessBase"]
[SourceQuality "1"]

{[%evp 9,82,20,77,37,42,37,44,44,50,47,51,68,103,87,147,158,160,151,157,52,62,50,65,0,0,0,0,-127,-129,-168,-191,-202,-192,-202,-200,-205,-212,-204,-207,-241,-247,-230,-232,-221,-227,-223,-223,-250,-206,-210,-207,-215,-207,-200,-179,-208,-197,-222,-213,-307,-271,-260,-249,-314,-314,-309,-300,-306,-304,-293,-282,-295,-285,-287,-286]} 1. d4 Nf6 2. c4 c5 3. d5 b5 4. cxb5 a6 5. bxa6 g6 (5... e6 $11 {keeps the balance.}) 6. a7 {A58: Benko/Volga Gambit: Lines with 5 bxa6.} Rxa7 7. Nc3 Bg7 8. e4 {Strongly threatening e5.White is slightly better.} O-O 9. Nf3 d6 10. Be2 Qb6 11. O-O {[#]} Bd7 $146 ({Better is} 11... Ba6) ({Predecessor:} 11... Ba6 12. a4 Qb4 13. Nd2 Nfd7 14. Nb5 Bxb5 15. Bxb5 f5 16. Nc4 Qxb5 17. axb5 Rxa1 {1-0 (32) De Abreu,R (2181)-Roemhild,M (2084) Bad Woerishofen 2020}) 12. Nd2 $16 Na6 13. Nc4 Qb7 14. f4 (14. a4 $16) 14... Nc7 $1 $14 15. Re1 Nb5 {Threatens to win with ...Nxc3.} 16. Nxb5 ({White should try} 16. Bd3 $14) 16... Bxb5 $11 17. Qc2 Rb8 18. Ne3 {[#]} (18. a4 $11) 18... Ba4 $1 $36 {[%cal Ra4c2][%mdl 2048] Keeping White busy.} 19. Qd3 Qb4 $1 {[%csl LRe1,LRe4][%mdl 64] Double Attack} 20. Bd2 Qxe4 21. Bc3 Qxf4 22. Bf3 Nd7 23. Bxg7 Kxg7 24. Nc4 Bb5 25. Qc3+ Qf6 {White must now prevent ...Qxc3.} 26. Qxf6+ Kxf6 27. Nd2 Ne5 28. Re3 Nc4 29. Ne4+ Kg7 30. Rb3 Rab7 31. Nc3 {Threatening Be2.} Ba6 32. Be2 {[#] aiming for Rxb7.} Rb4 $1 ({Stronger than} 32... Rxb3 33. axb3 Rxb3 34. Rxa6 $11) 33. Rxb4 cxb4 (33... Rxb4 $2 {loses.} 34. b3 $18) 34. Na4 (34. Nd1 $142 Ra8 35. a3) 34... Bb5 35. b3 Ne5 36. Bxb5 Rxb5 $19 {KRN-KRN. Black has a decisive advantage.} 37. Rd1 Nd7 38. Re1 Kf8 ({Don't do} 38... Rxd5 39. Rxe7 Ne5 40. Rb7 $19) 39. Rc1 Nf6 40. Rc8+ Kg7 41. Rc7 Nxd5 {Never resign too early!  Weighted Error Value: White=0.23/Black=0.10} 0-1

[Event "POL Youth-ch U20 Girls 2020"]
[Site "Pokrzywna"]
[Date "2020.11.30"]
[Round "1.2"]
[White "Malicka, Maria"]
[Black "Siekanska, Maria"]
[Result "1-0"]
[WhiteElo "2291"]
[BlackElo "1919"]
[Annotator "TA"]
[PlyCount "41"]
[EventDate "2020.11.29"]
[EventType "swiss"]
[EventCountry "POL"]
[SourceTitle "playchess.com"]
[Source "ChessBase"]
[SourceQuality "1"]

{[%evp 23,41,25,40,36,45,33,33,31,105,110,112,122,346,325,327,265,790,786,1020,996]} 1. e4 c6 2. d4 d5 3. Nc3 dxe4 4. Nxe4 Bf5 5. Ng3 Bg6 6. h4 h6 7. Nf3 e6 8. Ne5 Bh7 9. Bd3 Bxd3 10. Qxd3 Nd7 11. Bf4 Ngf6 12. O-O-O Be7 13. Kb1 {B19: Classical Caro-Kann: 4...Bf5 main line.} O-O 14. Ne4 Nxe4 15. Qxe4 {[#] White is slightly better.} Nb6 $146 (15... Nxe5 $14 16. Bxe5 (16. dxe5 Qc7 $11) 16... Re8) ({Predecessor:} 15... Nxe5 16. Bxe5 Qd5 17. Qe2 Rad8 18. c4 Qd7 19. Qg4 f6 20. Bf4 e5 21. Qxd7 Rxd7 22. dxe5 Rxd1+ 23. Rxd1 fxe5 {½-½ (34) Topalov,V (2700)-Yermolinsky,A (2625) Elista 1998}) 16. g4 Qd5 17. Qe2 Na4 $2 {[#]} (17... Bd6 $16 {was worth a try.}) 18. c4 $18 Qa5 19. g5 Kh7 $2 (19... f6) 20. Qc2+ f5 21. gxf6+ {[%mdl 64] Discovered Attack. Black got outplayed after the opening.  Weighted Error Value: White=0.12/Black=0.57} 1-0

[Event "POL Youth-ch U20 Girls 2020"]
[Site "Pokrzywna"]
[Date "2020.11.30"]
[Round "1.3"]
[White "Kroliczek, Gabriela"]
[Black "Kiolbasa, Oliwia"]
[Result "1-0"]
[WhiteElo "1911"]
[BlackElo "2260"]
[Annotator "TA"]
[PlyCount "89"]
[EventDate "2020.11.29"]
[EventType "swiss"]
[EventCountry "POL"]
[SourceTitle "playchess.com"]
[Source "ChessBase"]
[SourceQuality "1"]

{[%evp 14,89,10,8,10,10,16,0,18,0,10,0,0,-23,0,-8,0,-20,-25,-68,-74,-164,-162,-160,-152,-167,-181,-141,-151,-162,-170,-164,0,-102,-100,-91,-77,-80,-89,-41,0,0,191,211,230,225,305,254,320,269,269,270,271,131,159,67,189,178,128,0,0,0,171,167,234,246,241,237,262,171,158,146,102,93,106,0,160,0]} 1. e4 e5 2. Nf3 Nc6 3. Bc4 Bc5 4. O-O Nf6 5. d3 O-O 6. h3 h6 7. c3 d6 8. Re1 a5 {is more profitable than 8...a6 at the moment. C54: Giuoco Piano: 4 c3 Nf6, main lines with 5 d4 and 5 d3.} 9. a4 Be6 10. Nbd2 Qb8 {[#] The position is equal.} 11. Ba2 $146 ({Predecessor:} 11. Qb3 Qa7 12. Re2 Rfe8 13. Nf1 Rad8 14. Ne3 Bxe3 15. Bxe3 Qa8 16. Rae1 Qc8 17. Bd2 {½-½ (36) Spyropoulos,N (2400)-Kollars,D (2570) Karlsruhe 2019}) 11... Qa7 12. Qe2 Rfe8 13. Nf1 d5 14. Ng3 Rad8 15. Nh4 Qa6 16. Qf3 dxe4 17. dxe4 (17. Nxe4 $17 {might work better.} Nxe4 18. dxe4) 17... Rd3 $19 18. Be3 Bxa2 19. Rxa2 {[#]} Nd4 $1 {[%cal Rd4f3][%mdl 512]} 20. cxd4 exd4 21. Qf5 {aiming for Bxh6.} Bb4 22. Bxh6 gxh6 $2 (22... Bxe1 $19 23. Bxg7 Kxg7) 23. Rf1 (23. Raa1 $11) 23... Qe6 $17 {[%cal Rf6e4][%mdl 64] Double Attack} 24. Qb5 Rd2 (24... Qxa2 $6 25. Qxd3 Qxb2 26. Nhf5 $11) 25. Raa1 Rxb2 (25... Nxe4 $2 26. Rae1 $18) 26. Nhf5 Bc3 27. Nxh6+ Kf8 $2 (27... Kh7 $11 {and Black stays safe.} 28. Qg5 Bd2) 28. Qc5+ $1 $18 (28. Qg5 Nxe4 29. Nxe4 Qxe4 $11) 28... Qd6 (28... Qe7 $2 29. Qg5 $18) 29. Qg5 $1 Re5 30. Nhf5 Qb6 31. Qg7+ Ke8 {[#]} 32. Nh5 $1 {[%mdl 512]} Re6 (32... Nxh5 33. Qxe5+) 33. e5 (33. Rac1 $18 {and White stays clearly on top.}) 33... Nxh5 $16 34. Qg8+ Kd7 35. Qxf7+ Kc8 {[#]} 36. Qf8+ ({Don't do} 36. Qxh5 $6 Kb8 $14) ({White should try} 36. Nd6+ $1 $16 {[%mdl 512]} Rxd6 (36... cxd6 37. Qxe6+) 37. exd6 Qxd6 38. Qe8+ (38. Qxh5 Kb8 $16) 38... Qd8 39. Qxh5) 36... Kd7 $11 37. Qf7+ Kd8 $2 (37... Kc8 $11 {and Black is okay.}) 38. Qxh5 $18 {Threatens to win with Rfd1.} d3 (38... Rxe5 $142 39. Qg5+ Kc8) 39. Qh4+ ({Resist} 39. Rad1 $6 d2 $16) 39... Kc8 40. Qh8+ Kd7 41. Rad1 d2 {[#]} 42. Qh7+ $1 Kd8 43. Qh4+ Kd7 44. Qh7+ (44. Qc4 $142 Bxe5 45. Qd5+ Kc8 46. Rxd2 Rxd2 47. Qxd2) 44... Kd8 $1 $16 {[#]} 45. Qh4+ $2 {[%mdl 32768] White used his chance.  Weighted Error Value: White=0.25/Black=0.28. Loss on time!?} (45. Kh2 $1 $16 Bxe5+ 46. f4) 1-0

[Event "POL Youth-ch U20 Girls 2020"]
[Site "Pokrzywna"]
[Date "2020.11.30"]
[Round "1.4"]
[White "Rudzinska, Michalina"]
[Black "Hertlein, Irena"]
[Result "1-0"]
[WhiteElo "2189"]
[BlackElo "1893"]
[Annotator "TA"]
[PlyCount "51"]
[EventDate "2020.11.29"]
[EventType "swiss"]
[EventCountry "POL"]
[SourceTitle "playchess.com"]
[Source "ChessBase"]
[SourceQuality "1"]

{[%evp 9,51,8,53,24,29,39,27,27,52,-20,25,31,31,4,43,-13,0,0,0,0,0,0,0,-101,36,8,71,66,61,73,64,79,200,202,183,185,261,233,818,810,997,874,862,837]} 1. e4 d5 2. exd5 Qxd5 3. Nc3 Qd6 4. d4 Nf6 5. Nge2 c6 6. Qd3 {B01: Scandinavian Defence.} g6 7. Bf4 Qd8 8. O-O-O {[#] White has an edge.} Be6 $146 ({Predecessor:} 8... Bg7 9. h4 Be6 10. f3 Qa5 11. Kb1 Nbd7 12. g4 b5 13. Nc1 h5 14. g5 Nd5 15. Nxd5 Bxd5 {½-½ (34) Manakova,M (2291)-Kudischewitsch,D (2330) Jerusalem 2017}) 9. d5 (9. Kb1 $14) 9... cxd5 (9... Bxd5 $5 10. Nxd5 cxd5 $11) 10. Nd4 Bg7 $1 11. Nxe6 fxe6 12. Nb5 ({Better is} 12. g3 $14) 12... Na6 13. Qh3 Qc8 {Hoping for ...Ne4.} 14. Nd4 {[#] And now Bxa6 would win.} Nc5 15. Bb5+ Kf7 16. Rhe1 (16. Qe3 $11) 16... Nce4 ({Black should play} 16... Nfe4 $17 17. Be3 e5 18. Qf3+ Nf6) 17. f3 (17. Qe3 {is interesting.} Ng4 18. Qf3 Bxd4 19. Be5+ Ngf6 20. Rxd4 Rf8 21. Qe3) 17... Nf2 (17... a6 $11 {remains equal.} 18. fxe4 axb5 19. exd5 exd5) 18. Qxe6+ $16 Qxe6 19. Nxe6 Nxd1 20. Nxg7 {[%mdl 64] Overworked Piece} Kxg7 {Black cannot hold the game after this.} (20... a6 $16 {was necessary.}) 21. Rxe7+ $18 {[%mdl 64] Double Attack} Kf8 {[#]} 22. Bd6 $1 Kg8 (22... a6 $142) 23. Be5 Rf8 $2 (23... a6 24. Bxf6 axb5 25. Kxd1 (25. Bxh8 Kxh8 26. Kxd1 Rxa2 $16) 25... Kf8) 24. Bd7 {Threatening mate with Be6+.White is clearly winning.} Ra8 25. Bxf6 {White threatens Bg7 and mate.} Kf8 26. Be6 {Weighted Error Value: White=0.26/Black=0.37} 1-0

[Event "POL Youth-ch U20 Girls 2020"]
[Site "Pokrzywna"]
[Date "2020.11.30"]
[Round "1.5"]
[White "Zabrzanska, Weronika"]
[Black "Wikar, Martyna"]
[Result "1/2-1/2"]
[WhiteElo "1849"]
[BlackElo "2171"]
[Annotator "TA"]
[PlyCount "113"]
[EventDate "2020.11.29"]
[EventType "swiss"]
[EventCountry "POL"]
[SourceTitle "playchess.com"]
[Source "ChessBase"]
[SourceQuality "1"]

{[%evp 9,113,18,12,-15,0,0,0,-10,-11,-17,-21,-45,-42,-61,-47,-56,-50,-54,-54,-77,-33,-34,-31,-29,-27,-25,-29,-90,-89,-96,-95,-118,-97,-100,-93,-133,-127,-128,-127,-135,-140,-135,-122,-163,-100,-110,-102,-105,-100,-100,-78,-85,-78,-78,-66,-70,-66,-84,-77,-77,-54,-54,-54,-128,-81,-77,-118,-112,-114,-1113,-965,-1053,-1040,-964,-757,-828,-132,-726,-52,-52,-52,-6179,-5813,-1718,-1475,-1320,-1125,-764,-216,-216,-216,-913,-216,-216,-216,-216,0,0,0,0,0,0,0,0,0,0]} 1. e4 c5 2. Nc3 Nc6 3. Nf3 e5 4. Be2 Nf6 5. O-O Be7 6. d3 {B30: Sicilian: 2...Nc6 3 Bb5, lines without ...g6.} O-O 7. Nd5 d6 8. Nxf6+ (8. c4 {with more complications.} a6 9. a3 b5 10. b3 h6 11. h3) 8... Bxf6 9. c3 {[#]} d5 $146 ({Predecessor:} 9... Qe7 10. Be3 Rd8 11. Qc2 Bg4 12. h3 Bxf3 13. Bxf3 Bg5 14. Qd2 Bxe3 15. Qxe3 h6 {0-1 (24) Bukowska,K (2040)-Polok,K (1903) Ostroda 2008}) 10. Nd2 d4 11. c4 Bg5 12. Nb3 b6 13. Bxg5 Qxg5 14. Qd2 Qxd2 (14... Qg6 {keeps more tension.} 15. f4 exf4 16. Qxf4 Bd7 17. Nd2 Rae8) 15. Nxd2 Be6 16. a3 Rfb8 17. Rfc1 a5 18. a4 (18. h4 $11) 18... Ra7 19. g3 f5 20. Kg2 Rd8 21. f3 Nb4 22. Nb1 Rf7 23. Na3 Rdf8 24. Rf1 Bd7 25. b3 Rf6 26. Kg1 fxe4 (26... h5 $19 27. Kg2 g5) 27. fxe4 $17 Bh3 28. Rxf6 Rxf6 29. Rd1 g6 30. Rd2 h5 31. Nb5 Bg4 32. Bf1 Na6 33. Bg2 Bd7 (33... g5 {seems wilder.} 34. Na3 Kg7 35. Bf1 Rh6 36. Nc2 Nb4) 34. Rf2 Kg7 35. Rxf6 Kxf6 $15 {[%mdl 4096] Endgame KBN-KBN} 36. Kf2 ({Better is} 36. Bf3 $15) 36... Nb4 $17 37. Ke2 Bxb5 38. axb5 {KB-KN} Nc2 $1 39. Kd2 $2 {[%mdl 8192] [#]} (39. Bf3 $17) 39... Ne3 $1 $19 40. Bh3 g5 41. Ke2 Nc2 42. Kd2 Na1 43. Bf1 $2 {[%mdl 8192] [#]} (43. Bd7 $17) 43... Nxb3+ $2 (43... g4 $1 $19 44. Be2 Nxb3+ 45. Kc2 a4) 44. Kc2 $15 a4 45. Be2 $2 {[%mdl 8192]} (45. h3 $15) 45... g4 $19 46. Bd1 Kg5 47. Be2 h4 48. Bd1 h3 $2 (48... Kh5 49. Be2 Kg5) 49. Be2 Na5 {aiming for ...Nb7.} 50. Bd1 $2 (50. Kb2 Nb7 51. Ka3) 50... a3 $2 (50... Nb7 51. Kb2 Nd8 52. Bxa4 Ne6) 51. Kb1 {intending Ka2.} Nb7 {Hoping for ...Nd8.} 52. Ka2 Nd6 $2 ({Black should play} 52... Nd8 $19 {And now ...Ne6 would win.} 53. Kxa3 Ne6) 53. Kxa3 $11 {The position is equal.} Ne8 54. Kb2 Nf6 55. Be2 $1 Nh5 {( -> ...Nxg3!)} 56. Bf1 $1 Nf4 ({Avoid the trap} 56... Nxg3 $2 57. hxg3 Kg6 58. Kc1 $18) 57. Kc2 {Weighted Error Value: White=0.60/Black=0.53} ({Don't blunder} 57. gxf4+ $2 Kxf4 58. Kc2 Ke3 $19) 1/2-1/2

[Event "POL Youth-ch U20 Girls 2020"]
[Site "Pokrzywna"]
[Date "2020.11.30"]
[Round "1.6"]
[White "Starosta, Martyna"]
[Black "Furtak, Joanna"]
[Result "1/2-1/2"]
[WhiteElo "2094"]
[BlackElo "1837"]
[Annotator "TA"]
[PlyCount "82"]
[EventDate "2020.11.29"]
[EventType "swiss"]
[EventCountry "POL"]
[SourceTitle "playchess.com"]
[Source "ChessBase"]
[SourceQuality "1"]

{[%evp 20,82,14,23,29,29,34,26,31,23,62,20,29,16,60,0,39,12,75,15,23,15,18,-23,-36,-44,-25,-31,-25,0,0,-59,-55,-74,-72,-82,0,0,39,46,45,42,38,-220,-209,-261,-256,-452,-207,-201,-214,-191,-130,-93,-64,-65,-45,-52,-23,-24,0,0,0,0,2]} 1. d4 Nf6 2. c4 g6 3. Nc3 Bg7 4. Nf3 d6 5. g3 O-O 6. Bg2 a6 7. O-O Nc6 8. d5 Na5 9. b3 Rb8 10. Nd4 Bd7 11. Bb2 c5 {E63: King's Indian: Fianchetto: Panno Variation with 7...a6.} 12. dxc6 bxc6 13. Rb1 c5 {White has an edge.} 14. Nc2 $1 Qc8 {[#]} 15. Nd5 $146 ({Predecessor:} 15. Qd2 Bh3 16. e4 Bxg2 17. Kxg2 Nc6 18. Rfe1 Re8 19. h3 Nd7 20. Nd5 Nde5 21. Bc3 {1-0 (54) Gottschlich,C (2240)-Hauschild,H (2099) Passau 1998}) 15... Nxd5 16. Bxg7 Kxg7 17. Bxd5 (17. cxd5 $14 Qc7 18. Qd2) 17... Bc6 18. Ne3 Bxd5 (18... Bd7 $11) 19. Nxd5 (19. cxd5 $16 Qc7 20. Qd2) 19... Qd7 20. f4 Nc6 21. f5 gxf5 22. Qd2 f6 23. Rbd1 Rbd8 24. Nf4 e6 {[#]} 25. Rf3 ({White should play} 25. e4 $1 $11 {[%mdl 512]}) 25... Ne5 $15 26. Re3 Kh8 27. Qa5 Nc6 ({Black should try} 27... Ra8 $17) 28. Qxa6 $11 Nb4 (28... Ne5 {keeps more tension.} 29. a4 Qe7 30. Qb6 Rd7 31. a5 Ra8) 29. Qb5 $1 {[%cal Rb5d7] Threatens to win with Qxd7.} e5 30. Qxd7 Rxd7 31. Nd3 $2 {[%mdl 8192]} (31. Nh5 $14 {stays ahead.}) 31... Nc2 $19 32. Rf3 {And now Nxc5! would win.} e4 $1 {[%csl LRd3,LRf3]} 33. Nxc5 $2 (33. Ne1 {was called for.} exf3 34. Nxc2) 33... dxc5 (33... exf3 $142 34. exf3 (34. Nxd7 $2 {too greedy.} fxe2 35. Rb1 Re8 $19) 34... Ra7) 34. Rxd7 exf3 35. exf3 {[%mdl 4096] Endgame [#] KRN-KR} Nd4 (35... Ra8 $1 $19 36. a4 Nd4) 36. f4 $17 Ra8 37. b4 $1 Rxa2 38. bxc5 Nf3+ 39. Kf1 Nd2+ 40. Ke1 Nxc4 {Strongly threatening ...Rc2.} 41. c6 Nb6 {Weighted Error Value: White=0.38/Black=0.31} 1/2-1/2

[Event "POL Youth-ch U20 Girls 2020"]
[Site "Pokrzywna"]
[Date "2020.11.30"]
[Round "1.7"]
[White "Mirowska, Oliwia"]
[Black "Sowa, Wiktoria"]
[Result "0-1"]
[WhiteElo "1820"]
[BlackElo "2093"]
[Annotator "TA"]
[PlyCount "124"]
[EventDate "2020.11.29"]
[EventType "swiss"]
[EventCountry "POL"]
[SourceTitle "playchess.com"]
[Source "ChessBase"]
[SourceQuality "1"]

{[%evp 23,124,7,7,0,14,13,5,1,22,13,33,29,34,36,74,75,77,72,76,66,57,52,42,15,25,21,40,27,21,34,135,0,0,0,0,0,0,0,0,0,0,0,0,0,0,-50,-46,-59,-22,-36,-29,-160,-177,-423,-360,-323,-147,-320,-132,-146,-68,-147,-147,-114,-52,-148,-148,-141,-139,-110,-75,-75,-75,-75,-75,-75,-75,-75,-75,-122,-114,-122,-122,-954,-349,-410,-327,-564,-564,-437,-404,-525,-493,-593,-593,-6203,-603,-579,-525,-773,-745,-737,-648]} 1. e4 c5 2. Nf3 Nc6 3. d4 cxd4 4. Nxd4 Nf6 5. Nc3 e5 6. Ndb5 d6 7. Bg5 a6 8. Na3 b5 9. Nd5 Be7 10. Bxf6 Bxf6 11. c4 b4 12. Nc2 a5 13. Qd3 {B33: Sicilian: Pelikan and Sveshnikov Variations.} Bg5 14. g3 O-O 15. Bg2 {The position is equal.} Be6 16. O-O Rb8 17. b3 Qd7 18. f4 exf4 19. gxf4 {[#]} Be7 $146 ({Predecessor:} 19... Bh4 20. Rad1 Rbd8 21. Kh1 Rfe8 22. Nde3 Qa7 23. Qe2 Ne7 24. f5 Bc8 25. Qh5 Bf6 {1-0 (46) Nefedov,S (2447)-Mlynarcik,S (2436) ICCF email 2011}) 20. Nxe7+ Qxe7 21. Kh1 Rbd8 22. f5 Bc8 23. Qg3 f6 24. Ne3 Qe5 25. Qh4 Bb7 26. Rad1 Rfe8 (26... Qe8 $14) 27. Ng4 (27. Rd3 $1 $16) 27... Qe7 $11 28. Rd3 Ne5 29. Rh3 Nxg4 $1 30. Qxh7+ Kf8 {Strongly threatening ...Qf7.} 31. Qh8+ Kf7 32. Qh5+ {[%mdl 64] Double Attack} Kg8 {And now ...Nh6 would win.} 33. Qxg4 {Black must now prevent Rh4.} Bxe4 34. Rg3 Bxg2+ 35. Rxg2 Rd7 36. h4 Qe4 37. Rf4 (37. Kh2 $11 {remains equal.}) 37... Qb1+ $1 $17 38. Kh2 $2 (38. Rg1 {was forced.} Qxa2 39. Qg3) 38... Re1 $19 {...Rh1+ is the strong threat.} 39. Qf3 Rh1+ 40. Kg3 {[#]} Qe1+ (40... Re7 $1 $19 {has better winning chances.} 41. Qd5+ Kh8) 41. Qf2 $17 {[#] White wants to play Qxe1.} Qe5 (41... Qe8 $1 $17 42. Rg1 Rxg1+ 43. Qxg1 Re7) 42. Rg1 (42. Qe2 $15) 42... Rxg1+ 43. Qxg1 {[%mdl 4096] Endgame KQR-KQR} d5 (43... Re7 $17 44. Qd1 Qe3+ 45. Rf3 Qc5) 44. Qc5 (44. Qd4 $15) 44... Kh7 45. Qd4 Qe1+ 46. Kg2 Re7 47. cxd5 Re2+ 48. Rf2 Re4 49. Qd2 {Threatens to win with Qxe1.} Rg4+ 50. Kh3 Qe4 $40 {[%mdl 128] Black is out for blood.} 51. Qd1 Rxh4+ 52. Kg3 Rh6 {( -> ...Qh4+)} 53. Qf3 $2 {[%mdl 8192]} (53. Rf4 $17 Qe5 54. Qd4 Qe1+ 55. Qf2 Qc3+ 56. Qf3) 53... Qe5+ $2 (53... Qh4+ 54. Kg2 Qh1+ 55. Kg3 Rh3+ {[%mdl 64] Skewer} 56. Kf4 Rxf3+ 57. Rxf3 Qh2+ 58. Ke4 Qe5+ 59. Kd3 Qxd5+ 60. Ke2 Qe4+ 61. Re3 Qxf5) 54. Kg2 Rh4 55. Re2 $2 (55. Kg1 {was the only chance.}) 55... Rh2+ $19 56. Kf1 Rxe2 {[%mdl 64] Overworked Piece} 57. Qxe2 Qxf5+ {KQ-KQ. Black is clearly winning.} 58. Kg1 Qxd5 59. Qe8 Qe5 (59... Qg5+ $142 60. Kf2 Qf5+ 61. Ke3 g5) 60. Qf7 Kh6 61. Qf8 Qa1+ {[%mdl 64] Double Attack} 62. Kg2 Qxa2+ {[%mdl 64] Double Attack.  Weighted Error Value: White=0.64/Black=0.46} 0-1

[Event "POL Youth-ch U20 Girls 2020"]
[Site "Pokrzywna"]
[Date "2020.11.30"]
[Round "1.8"]
[White "Dylag, Emilia"]
[Black "Kulpa, Zuzanna"]
[Result "1/2-1/2"]
[WhiteElo "2082"]
[BlackElo "1806"]
[Annotator "TA"]
[PlyCount "77"]
[EventDate "2020.11.29"]
[EventType "swiss"]
[EventCountry "POL"]
[SourceTitle "playchess.com"]
[Source "ChessBase"]
[SourceQuality "1"]

{[%evp 11,77,-26,0,-4,5,-17,0,-5,0,0,0,0,7,-16,14,0,25,33,47,42,54,56,65,59,62,62,128,128,140,118,127,91,108,37,112,37,40,37,50,52,60,60,60,60,60,60,60,60,60,60,60,0,60,60,60,60,60,60,60,0,60,60,60,60,60,60,60,60]} 1. d4 Nf6 2. c4 e6 3. Nc3 Bb4 4. a3 Bxc3+ 5. bxc3 b6 6. f3 d6 {6...Nc6 gains popularity.} 7. e4 {E24: Nimzo-Indian: Sämisch: Unusual Black 5th moves and 5...c5 sidelines.} Nc6 8. Bg5 h6 9. Bh4 $1 {The position is equal.} e5 10. Ne2 O-O 11. Nc1 Na5 {[#]} 12. Bd3 $146 ({Predecessor:} 12. Nb3 Nxb3 13. Qxb3 c5 14. d5 g5 15. Bf2 Nh5 16. g4 Nf4 17. Qc2 Bd7 18. Bg3 {0-1 (69) Nero,G (1813)-Krupenski,J (2396) Viljandi 2016}) 12... Ba6 13. Nb3 Nxb3 14. Qxb3 c5 15. d5 g5 16. Bf2 Nh5 17. g3 Bc8 18. Qd1 Ng7 {[#]} ({Better is} 18... Bh3 $14) 19. g4 $1 $16 f6 20. Qd2 Kf7 21. h3 Bd7 22. a4 (22. h4 $16) 22... a5 ({Black should play} 22... Rh8 $14) 23. Ke2 (23. h4 $16) 23... Rh8 $14 24. Bc2 h5 25. Be3 Qc8 26. Kd3 h4 27. Rhb1 Rb8 28. Rb2 Qc7 29. Qc1 Rb7 30. Rab1 Qd8 31. Ra1 (31. Ke2 $14) 31... Rg8 (31... Qc7 $1 $11) 32. Ra3 Rh8 33. Qb1 Qc7 34. Rab3 {[%cal Rb3b6]} Rhb8 35. Ra3 ({White should try} 35. Ra2 $14) 35... Qd8 (35... Rh8 $1 $11) 36. Qc1 {White is slightly better.} Ne8 37. Ra1 Nc7 38. Rab1 Na8 39. Qd2 {Weighted Error Value: White=0.12/Black=0.15} 1/2-1/2

[Event "POL Youth-ch U20 Girls 2020"]
[Site "Pokrzywna"]
[Date "2020.11.30"]
[Round "1.9"]
[White "Siekanska, Zuzanna"]
[Black "Goraj, Barbara"]
[Result "0-1"]
[WhiteElo "1800"]
[BlackElo "2078"]
[Annotator "TA"]
[PlyCount "74"]
[EventDate "2020.11.29"]
[EventType "swiss"]
[EventCountry "POL"]
[SourceTitle "playchess.com"]
[Source "ChessBase"]
[SourceQuality "1"]

{[%evp 11,74,34,39,15,41,39,31,29,30,24,64,60,54,37,34,54,74,0,-7,-34,-41,-31,-38,-39,-8,-148,-140,-141,-129,-116,-86,-125,-99,-112,-55,-126,-115,-99,-71,-129,-94,-164,-160,-177,-162,-252,-252,-254,-250,-305,-280,-306,-310,-306,-295,-295,-280,-333,-316,-453,-409,-721,-676,-670,-662]} 1. d4 Nf6 2. c4 g6 3. Nc3 Bg7 4. e4 d6 5. h3 O-O 6. Be3 Nbd7 7. Nge2 {E71: King's Indian: 4 e4 d6 5 h3.} e5 8. d5 Nc5 9. f3 {White is slightly better.} a5 10. g4 Ne8 11. h4 f5 12. gxf5 gxf5 13. exf5 Bf6 14. Bf2 (14. Bh3 $1 $16) 14... Ng7 $11 15. Ne4 Nxf5 {[%cal Rf6h4]} 16. Nxf6+ Qxf6 17. Qd2 {[#]} Ng7 $146 ({Predecessor:} 17... a4 18. O-O-O a3 19. b3 Bd7 20. Nc3 Nd4 21. Bxd4 exd4 22. Ne4 Qf4 23. Bg2 Qxd2+ 24. Rxd2 {0-1 (39) Merario Alarcon,A (2399)-Predke,A (2619) La Roda 2019}) 18. Bg2 {[#]} (18. Bxc5 $11 dxc5 19. Bg2) 18... Ne4 $1 $36 {[%cal Re4d2][%mdl 2560] Black is really pushing.} 19. Qe3 (19. fxe4 Qxf2+) 19... Nxf2 20. Kxf2 Bg4 21. Ng3 Rae8 22. Ne4 Qf4 ({Black should try} 22... Qf7 $17 23. Rae1 Kh8) 23. Rac1 (23. c5 $1 $15) 23... b6 24. Rc3 Kh8 25. Ke2 (25. Qxf4 $142 Rxf4 26. Ng3) 25... Bh5 26. Kd2 (26. Qxf4 $17 {might work better.} Rxf4 27. Ng3) 26... Qxe3+ $19 27. Rxe3 Nf5 28. Ra3 (28. Re2 $142) 28... Nd4 29. Rh3 Rf4 30. Rg3 Rg8 31. Rxg8+ Kxg8 32. b4 Rxh4 {aiming for ...Rh2.} ({But not} 32... Bxf3 33. bxa5 Bxg2 34. a6 $19) 33. bxa5 bxa5 34. Rxa5 {[#]} Rh2 $1 {[%cal Rh2g2]} (34... Nxf3+ 35. Bxf3 Bxf3 36. Ng5 $15) ({Stronger than} 34... Bxf3 35. Ra8+ Kg7 36. Bxf3 $11) 35. Kd3 (35. Kc3 $142 Rxg2 36. Nf6+ Kf7 37. Nxh5) 35... Bg6 ({Not} 35... Rxg2 36. Nf6+ Kf7 37. Nxh5 $19) 36. Bf1 (36. Ra8+ $142 Kf7 37. Rc8) 36... Rf2 {[%mdl 64] Double Attack} 37. Ra8+ Kg7 {Weighted Error Value: White=0.47/Black=0.08} 0-1